000 00762nam a2200277Ia 4500
003 OSt
005 20220918163503.0
006 a|||||r|||| 00| 0
007 ta
008 220917b |||||||| |||| 00| 0 eng d
020 _a0048000361 (hbk)
024 _a12,514
037 _cTextual
040 _aARTS
_cARTS
_beng
041 _2eng
_aeng
082 _aW81.53xL29, M5
100 _aLock F P
_913408
245 0 _aBurke's reflections on the revolution in France
260 _aLondon
_bGeorge Allen and Unwin
_c1985
300 _a228p.
_ccm.
490 _aUnwin critical library; 13
500 _aBibliography 210-221
650 _aPOLITICAL SCIENCE
942 _hW81.53xL29, M5
_cTEXL
_2CC
999 _c119819
_d119819